000 00610ntaaa2200205 4500
003 01
005 20251027202240.0
008 0714s1973 ag 01
040 _aAR-BaBN
_bspa
_cAR-BaBN
_eaacr
_dRIC
082 _a268.1300 M78
245 _aThe ministry of Jesus
250 _a1 ed.
260 _aNashville :
_bConvention Press,
_c1970
300 _a114 p
500 _aGuía para maestros de primarios en las escuelas bíblicas de vacaciones 1971
650 _aescuela bíblica de vacaciones
650 _aprimarios-escuela bíblica de vacaciones
_920882
700 _aMoore, W. Mark
_920883
942 _cBK
999 _c17264
_d17264